[Event "Europa ch 2014"]
[Site "Yerevan ARM"]
[Date "2014.03.10"]
[Round "7.88"]
[White "Simonian, Tigran"]
[Black "Chudinovskikh, Alexander M"]
[Result "1/2-1/2"]
[WhiteElo "2425"]
[BlackElo "2280"]
[PlyCount "99"]
[EventDate "2014.03.03"]
[EventType "swiss"]
[EventRounds "11"]
[EventCountry "ARM"]
[Source "lmi"]
[SourceDate "2014.03.02"]

1. d4 Nf6 2. Nf3 d5 3. c4 e6 4. Nc3 Be7 5. Bg5 O-O 6. e3 Nbd7 7. Rc1 a6 8. cxd5
exd5 9. Bd3 c6 10. O-O Ne4 11. Bxe7 Qxe7 12. Bxe4 dxe4 13. Nd2 f5 14. Na4 Nf6
15. Nb6 Rb8 16. h3 Be6 17. Qc2 Nd5 18. Nxd5 Bxd5 19. Nc4 Qh4 20. Ne5 Rbe8 21.
b3 Re6 22. Qd2 g5 23. f4 exf3 24. Nxf3 Qg3 25. Qf2 Qxf2+ 26. Kxf2 f4 27. Ne5 h6
28. Kg1 fxe3 29. Rxf8+ Kxf8 30. Re1 c5 31. Nd7+ Ke8 32. Nxc5 Re7 33. Na4 Kd7
34. Nc3 Kd6 35. Nd1 e2 36. Nc3 Rc7 37. Nxd5 Kxd5 38. Rxe2 Kxd4 39. Kf2 Kd3 40.
Re6 Rc6 41. Re7 b5 42. Kg3 b4 43. Re5 Kd4 44. Ra5 Ke3 45. Ra4 Rb6 46. Ra5 Kd4
47. h4 gxh4+ 48. Kxh4 Kc3 49. g4 Kb2 50. Kh5 1/2-1/2

[Event "Europa ch 2014"]
[Site "Yerevan ARM"]
[Date "2014.03.10"]
[Round "7.89"]
[White "Cherednichenko, Svetlana"]
[Black "Goryachkina, Aleksandra"]
[Result "0-1"]
[WhiteElo "2270"]
[BlackElo "2424"]
[PlyCount "72"]
[EventDate "2014.03.03"]
[EventType "swiss"]
[EventRounds "11"]
[EventCountry "ARM"]
[Source "lmi"]
[SourceDate "2014.03.02"]

1. d4 d5 2. c4 e6 3. Nf3 Nf6 4. e3 c5 5. dxc5 Bxc5 6. a3 O-O 7. b4 Be7 8. Nbd2
Nbd7 9. Bd3 a5 10. b5 Nc5 11. Bc2 Bd7 12. a4 Nfe4 13. Bb2 Bf6 14. Ne5 Qc7 15.
f4 Rfc8 16. Nxe4 dxe4 17. Bd4 Be8 18. O-O Be7 19. Qg4 f6 20. Bxc5 Bxc5 21.
Qxe6+ Kh8 22. Ng4 Bg6 23. Nxf6 gxf6 24. f5 Qf7 25. Qxe4 Bh5 26. Rae1 Rg8 27.
Kh1 Rae8 28. Qd3 Qe7 29. e4 Qe5 30. Qh3 Bf7 31. Bd3 Rg5 32. Qf3 Rd8 33. g4 h5
34. h3 hxg4 35. hxg4 Kg7 36. Kg2 Bh5 0-1

[Event "Europa ch 2014"]
[Site "Yerevan ARM"]
[Date "2014.03.10"]
[Round "7.90"]
[White "Paravyan, David"]
[Black "Manukyan, Sargis V"]
[Result "1/2-1/2"]
[WhiteElo "2423"]
[BlackElo "2268"]
[PlyCount "82"]
[EventDate "2014.03.03"]
[EventType "swiss"]
[EventRounds "11"]
[EventCountry "ARM"]
[Source "lmi"]
[SourceDate "2014.03.02"]

1. e4 e6 2. d4 d5 3. e5 c5 4. c3 Qb6 5. Nf3 Bd7 6. Bd3 Bb5 7. dxc5 Bxc5 8. b4
Bxd3 9. Qxd3 Be7 10. O-O Nc6 11. b5 Na5 12. Nd4 Nc4 13. Qg3 Kf8 14. Nd2 Nxd2
15. Bxd2 h5 16. Qf3 Bc5 17. a4 Bxd4 18. cxd4 Nh6 19. Bxh6 Rxh6 20. Qd3 Rg6 21.
a5 Qd8 22. f4 Kg8 23. f5 Rg4 24. h3 Re4 25. f6 Rc8 26. Qd2 g6 27. a6 b6 28.
Rae1 Rxe1 29. Rxe1 Rc4 30. Rc1 Kh7 31. Rxc4 dxc4 32. Kh2 Qd5 33. Qe3 Qa8 34. g4
h4 35. Qf2 Qe4 36. Qxh4+ Kg8 37. Qh6 Qe2+ 38. Kg3 Qe1+ 39. Kf3 Qf1+ 40. Kg3
Qg1+ 41. Kf3 Qf1+ 1/2-1/2

[Event "Europa ch 2014"]
[Site "Yerevan ARM"]
[Date "2014.03.10"]
[Round "7.91"]
[White "Karatorossian, David"]
[Black "Dastan, Muhammed Batuhan"]
[Result "1/2-1/2"]
[WhiteElo "2262"]
[BlackElo "2416"]
[PlyCount "115"]
[EventDate "2014.03.03"]
[EventType "swiss"]
[EventRounds "11"]
[EventCountry "ARM"]
[Source "lmi"]
[SourceDate "2014.03.02"]

1. e4 e5 2. Nf3 Nc6 3. Bb5 g6 4. O-O Nge7 5. d4 exd4 6. Nxd4 Bg7 7. c3 O-O 8.
Be3 a6 9. Be2 d6 10. Nd2 f5 11. exf5 Nxd4 12. Bxd4 Nxf5 13. Bxg7 Kxg7 14. Nf3
Qf6 15. Qd2 b6 16. Bc4 Bb7 17. Bd5 c6 18. Be4 Nh6 19. Rfe1 d5 20. Bd3 c5 21.
Re2 Rae8 22. Rae1 Rxe2 23. Rxe2 Nf5 24. Ng5 Kg8 25. Re6 Qd8 26. Bxf5 Rxf5 27.
h4 Bc8 28. Re2 h6 29. Qe1 Bd7 30. Nf3 Rf6 31. Ne5 Bb5 32. Rd2 Rd6 33. f4 d4 34.
c4 Be8 35. Ng4 Bd7 36. Re2 d3 37. Nxh6+ Kf8 38. Rd2 Kg7 39. Qe5+ Qf6 40. Qxf6+
Kxf6 41. g4 Rd4 42. Kf2 Kg7 43. g5 Rxf4+ 44. Ke3 Rxh4 45. Rxd3 Rh3+ 46. Kd2
Rxd3+ 47. Kxd3 Kf8 48. Ke4 Be6 49. Ke5 Ke7 50. a4 Bxc4 51. Ng4 Bb3 52. Ne3 Kd7
53. Nd5 b5 54. axb5 axb5 55. Nf4 Bc2 56. Kd5 c4 57. Kc5 Bd3 58. Kxb5 1/2-1/2

[Event "Europa ch 2014"]
[Site "Yerevan ARM"]
[Date "2014.03.10"]
[Round "7.92"]
[White "Zanan, Evgeny"]
[Black "Meribanov, Vitaly"]
[Result "1/2-1/2"]
[WhiteElo "2236"]
[BlackElo "2410"]
[PlyCount "98"]
[EventDate "2014.03.03"]
[EventType "swiss"]
[EventRounds "11"]
[EventCountry "ARM"]
[Source "lmi"]
[SourceDate "2014.03.02"]

1. e4 e5 2. Nf3 Nc6 3. Bb5 a6 4. Ba4 Nf6 5. O-O Be7 6. Re1 b5 7. Bb3 d6 8. c3
O-O 9. h3 Na5 10. Bc2 c5 11. d4 Qc7 12. Nbd2 cxd4 13. cxd4 Be6 14. d5 Bd7 15.
Bd3 Nb7 16. Nf1 Nc5 17. Bc2 Rfc8 18. Ng3 a5 19. Bd2 b4 20. Nh2 Bf8 21. f4 exf4
22. Bxf4 Qb7 23. Qf3 Ba4 24. b3 Ncd7 25. Qf2 Bb5 26. Nf5 Ne5 27. Nf3 Nfd7 28.
Rac1 Rc3 29. Bd2 Rc7 30. Bb1 Rac8 31. Rxc7 Qxc7 32. Bf4 Re8 33. Rc1 Qb7 34. Qg3
Kh8 35. Kh1 g6 36. N5d4 Bg7 37. Qh4 Kg8 38. Bh6 Nxf3 39. Nxf3 Bh8 40. Bf4 Qb6
41. Qg3 Ne5 42. Nxe5 Bxe5 43. Bxe5 Rxe5 44. Bd3 Bd7 45. Qf3 Be8 46. Qf6 Qe3 47.
Rd1 Qb6 48. Rc1 Qe3 49. Rd1 Qb6 1/2-1/2

[Event "Europa ch 2014"]
[Site "Yerevan ARM"]
[Date "2014.03.10"]
[Round "7.93"]
[White "Lugovskoy, Maxim"]
[Black "Poghosyan, Suren"]
[Result "0-1"]
[WhiteElo "2397"]
[BlackElo "2257"]
[PlyCount "84"]
[EventDate "2014.03.03"]
[EventType "swiss"]
[EventRounds "11"]
[EventCountry "ARM"]
[Source "lmi"]
[SourceDate "2014.03.02"]

1. e4 e6 2. d4 d5 3. Nc3 Bb4 4. e5 Ne7 5. a3 Bxc3+ 6. bxc3 c5 7. Qg4 O-O 8. Bd3
Nbc6 9. Bg5 Qa5 10. Ne2 Ng6 11. O-O Qa4 12. Qg3 c4 13. Bxg6 fxg6 14. Rfc1 b5
15. h4 Qa5 16. f3 Qc7 17. Kf2 Qf7 18. Qh3 Bd7 19. g4 a5 20. Bd2 Be8 21. Kg2 h6
22. Nf4 Qe7 23. Qg3 Rb8 24. Ne2 Qd7 25. Rcb1 Bf7 26. Qf2 Be8 27. Qg3 Bf7 28.
Qh3 Be8 29. Ra2 Qe7 30. Nf4 b4 31. axb4 axb4 32. Bc1 Qd7 33. Ne2 b3 34. cxb3
cxb3 35. Ra3 b2 36. Rxb2 Rxb2 37. Bxb2 Nxe5 38. Qg3 Nxf3 39. Bc1 Qb5 40. Nf4
Qb1 41. c4 Nxh4+ 42. Qxh4 Qxc1 0-1

[Event "Europa ch 2014"]
[Site "Yerevan ARM"]
[Date "2014.03.10"]
[Round "7.94"]
[White "Pogosian, Georgy"]
[Black "Sanal, Vahap"]
[Result "1/2-1/2"]
[WhiteElo "2234"]
[BlackElo "2390"]
[PlyCount "58"]
[EventDate "2014.03.03"]
[EventType "swiss"]
[EventRounds "11"]
[EventCountry "ARM"]
[Source "lmi"]
[SourceDate "2014.03.02"]

1. d4 d5 2. Nf3 Nf6 3. c4 c6 4. e3 Bf5 5. Nc3 e6 6. Bd3 Bg6 7. O-O Bd6 8. b3
Nbd7 9. Bb2 Qe7 10. Re1 dxc4 11. bxc4 e5 12. Bxg6 hxg6 13. e4 g5 14. c5 Bb8 15.
Nd5 cxd5 16. exd5 Nxd5 17. Qb3 Nc7 18. Ba3 Qe6 19. c6 Qxb3 20. cxd7+ Kxd7 21.
Nxe5+ Ke6 22. axb3 Kf6 23. Nd7+ Kg6 24. Ne5+ Kf6 25. Nd7+ Kg6 26. Ne5+ Kf6 27.
Nd7+ Kg6 28. Ne5+ Kf6 29. Nd7+ Kg6 1/2-1/2

[Event "Europa ch 2014"]
[Site "Yerevan ARM"]
[Date "2014.03.10"]
[Round "7.95"]
[White "Apresyan, Zohrak"]
[Black "Oganian, Miran"]
[Result "1-0"]
[WhiteElo "2136"]
[BlackElo "2376"]
[PlyCount "177"]
[EventDate "2014.03.03"]
[EventType "swiss"]
[EventRounds "11"]
[EventCountry "ARM"]
[Source "lmi"]
[SourceDate "2014.03.02"]

1. Nf3 Nf6 2. g3 b5 3. Bg2 Bb7 4. a4 b4 5. O-O e6 6. d3 c5 7. Nbd2 Be7 8. e4 d5
9. exd5 Bxd5 10. Re1 Nbd7 11. b3 Qc7 12. Bb2 Qb7 13. Ne4 O-O 14. Ne5 Nxe5 15.
Bxe5 Nd7 16. Bd6 Bxd6 17. Nxd6 Qc6 18. Bxd5 Qxd5 19. Nc4 Rae8 20. Qe2 Nb8 21.
Qe5 Nc6 22. Qxd5 exd5 23. Nd6 Rb8 24. Nf5 Rb7 25. Kg2 g6 26. Ne3 Rd7 27. Ng4
Rd6 28. Rac1 f6 29. h4 h5 30. Nh2 Kf7 31. c3 Rc8 32. Nf3 bxc3 33. Rxc3 Nb4 34.
Rd1 Rcc6 35. Nd2 d4 36. Rc4 Nxd3 37. Rb1 Re6 38. Kf1 a5 39. Rc2 Rc8 40. Nc4
Rce8 41. Rd2 Ne5 42. Nxa5 g5 43. hxg5 fxg5 44. Nb7 Nf3 45. Rdd1 Rc8 46. Rbc1
Rec6 47. b4 c4 48. Na5 R6c7 49. b5 c3 50. b6 Re7 51. b7 Rce8 52. Kg2 g4 53. Nc6
c2 54. Nxe7 cxd1=Q 55. Rxd1 Kxe7 56. Rb1 Rb8 57. a5 Ne5 58. Re1 Kd6 59. Rxe5
Rxb7 60. a6 Ra7 61. Rxh5 d3 62. Kf1 Re7 63. Ra5 d2 64. Ra1 Kc5 65. Rd1 Re6 66.
a7 Ra6 67. Rxd2 Rxa7 68. Rd8 Re7 69. Kg2 Re4 70. f4 Re2+ 71. Kf1 Ra2 72. Rg8
Kd4 73. Rxg4 Ke3 74. Rg5 Kf3 75. Ke1 Ke3 76. Kd1 Rg2 77. f5 Kf3 78. Ke1 Ke3 79.
Kf1 Kf3 80. f6 Rf2+ 81. Ke1 Ra2 82. Rf5+ Ke3 83. Kf1 Ra8 84. f7 Rf8 85. g4 Ke4
86. Kg2 Kd4 87. Kg3 Ke4 88. Kh4 Rh8+ 89. Kg5 1-0

[Event "Europa ch 2014"]
[Site "Yerevan ARM"]
[Date "2014.03.10"]
[Round "7.96"]
[White "Bulmaga, Irina"]
[Black "Torosyan, Norayr"]
[Result "0-1"]
[WhiteElo "2375"]
[BlackElo "2216"]
[PlyCount "78"]
[EventDate "2014.03.03"]
[EventType "swiss"]
[EventRounds "11"]
[EventCountry "ARM"]
[Source "lmi"]
[SourceDate "2014.03.02"]

1. e4 c6 2. d4 d5 3. e5 c5 4. Nf3 Bg4 5. c4 cxd4 6. cxd5 Qxd5 7. Nc3 Bxf3 8.
Nxd5 Bxd1 9. Nc7+ Kd7 10. Nxa8 Bc2 11. Bd2 Nc6 12. Rc1 d3 13. Be3 e6 14. a3
Nge7 15. Bxa7 Nxa7 16. Nb6+ Kc7 17. Nc4 Nac6 18. Kd2 Ng6 19. b4 b5 20. Na5 Nxa5
21. bxa5 Kb7 22. Bxd3 Bxd3 23. Kxd3 Bxa3 24. Rb1 b4 25. Ke4 Ne7 26. f4 Nd5 27.
Rb3 Nc3+ 28. Kd3 Rd8+ 29. Kc4 Rc8+ 30. Kd4 Ka6 31. Ra1 Kxa5 32. Raxa3+ bxa3 33.
Rxa3+ Kb4 34. Ra6 Nb5+ 35. Ke3 Rc3+ 36. Ke4 Ra3 37. Rb6 Kc5 38. Rb7 f5+ 39.
exf6 Nd6+ 0-1

[Event "Europa ch 2014"]
[Site "Yerevan ARM"]
[Date "2014.03.10"]
[Round "7.97"]
[White "Ben Artzi, Ido"]
[Black "Ghvamberia, Nika"]
[Result "1-0"]
[WhiteElo "2370"]
[BlackElo "2133"]
[PlyCount "87"]
[EventDate "2014.03.03"]
[EventType "swiss"]
[EventRounds "11"]
[EventCountry "ARM"]
[Source "lmi"]
[SourceDate "2014.03.02"]

1. d4 Nf6 2. c4 e6 3. Nc3 Bb4 4. e3 c5 5. Bd3 Nc6 6. Nf3 Bxc3+ 7. bxc3 d6 8.
O-O O-O 9. Rb1 e5 10. Nd2 Qe7 11. d5 Nb8 12. f3 Nbd7 13. Rf2 Re8 14. e4 Nf8 15.
Nf1 Ng6 16. g3 h6 17. Ne3 Rb8 18. a4 Qc7 19. Kh1 Bd7 20. Bc2 Re7 21. Bd2 Rf8
22. Qe2 Ree8 23. Rg1 Kh8 24. h4 Nh7 25. Rh2 Ne7 26. g4 g5 27. hxg5 hxg5 28. Nf1
f6 29. f4 Ng6 30. fxg5 fxg5 31. Bxg5 Rf7 32. Rh6 Kg7 33. Qh2 Nxg5 34. Qh5 Rf6
35. Qxg5 Qd8 36. Ng3 Rh8 37. Nh5+ Kf7 38. Rxg6 Rf2 39. Rg7+ Ke8 40. Qg6+ Kf8
41. Qxd6+ Ke8 42. Qxe5+ Kf8 43. Re7 Rh7 44. d6 1-0

[Event "Europa ch 2014"]
[Site "Yerevan ARM"]
[Date "2014.03.10"]
[Round "7.99"]
[White "Kozlitin, Roman"]
[Black "Manukyan, Sargis A"]
[Result "0-1"]
[WhiteElo "2365"]
[BlackElo "2123"]
[PlyCount "84"]
[EventDate "2014.03.03"]
[EventType "swiss"]
[EventRounds "11"]
[EventCountry "ARM"]
[Source "lmi"]
[SourceDate "2014.03.02"]

1. e4 c5 2. c3 d5 3. exd5 Qxd5 4. d4 Nf6 5. Nf3 Bg4 6. Be2 e6 7. h3 Bh5 8. O-O
Nc6 9. Na3 Be7 10. Nb5 Rc8 11. Qa4 O-O 12. Nxa7 Nxa7 13. Qxa7 Ra8 14. Qb6 c4
15. Qc7 Bd6 16. Qxc4 Bxf3 17. gxf3 Qf5 18. Qd3 Qxh3 19. f4 Qh6 20. Kg2 Bxf4 21.
Bxf4 Qxf4 22. Qe3 Nd5 23. Qxf4 Nxf4+ 24. Kf3 g5 25. Bb5 f5 26. Rh1 Kg7 27. a4
h5 28. a5 h4 29. a6 bxa6 30. Bxa6 Rfb8 31. b4 Nd5 32. Rhc1 g4+ 33. Ke2 Rb6 34.
b5 Nc7 35. c4 Nxa6 36. bxa6 Raxa6 37. Rxa6 Rxa6 38. c5 Rc6 39. Ke3 Kf6 40. Kf4
Rc8 41. c6 Ra8 42. c7 Ra3 0-1

[Event "Europa ch 2014"]
[Site "Yerevan ARM"]
[Date "2014.03.10"]
[Round "7.100"]
[White "Gevorgyan, Maria"]
[Black "Beradze, Irakli"]
[Result "0-1"]
[WhiteElo "2180"]
[BlackElo "2364"]
[PlyCount "85"]
[EventDate "2014.03.03"]
[EventType "swiss"]
[EventRounds "11"]
[EventCountry "ARM"]
[Source "lmi"]
[SourceDate "2014.03.02"]

1. e4 c5 2. Nc3 Nc6 3. Bb5 Nd4 4. Bc4 a6 5. d3 g6 6. Nf3 Bg7 7. Nxd4 cxd4 8.
Qf3 e6 9. Ne2 Ne7 10. Bg5 O-O 11. Bf6 Bxf6 12. Qxf6 Nc6 13. Qxd8 Rxd8 14. a4 b6
15. Kd2 Bb7 16. h4 Rac8 17. h5 Ne5 18. Bb3 d5 19. f4 Nc4+ 20. dxc4 dxc4 21. Ba2
Bxe4 22. Nxd4 Rxd4+ 23. Ke3 Rcd8 24. c3 Rd3+ 25. Kxe4 R8d5 26. f5 exf5+ 27. Kf4
f6 28. hxg6 hxg6 29. Rh5 b5 30. axb5 axb5 31. Bb1 g5+ 32. Rxg5+ fxg5+ 33. Kxg5
Rd1 34. Kf6 f4 35. Ke6 Rd8 36. Ke5 R1d2 37. Be4 Re2 38. Ra5 Re8+ 39. Kf5 R2xe4
40. Rxb5 Kf8 41. Rc5 R8e7 42. Rb5 Re2 43. Rb4 0-1

[Event "Europa ch 2014"]
[Site "Yerevan ARM"]
[Date "2014.03.10"]
[Round "7.101"]
[White "Tari, Aryan"]
[Black "Cerbulenco, Liviu"]
[Result "0-1"]
[WhiteElo "2424"]
[BlackElo "2160"]
[PlyCount "86"]
[EventDate "2014.03.03"]
[EventType "swiss"]
[EventRounds "11"]
[EventCountry "ARM"]
[Source "lmi"]
[SourceDate "2014.03.02"]

1. c4 c5 2. Nf3 Nc6 3. d4 cxd4 4. Nxd4 Nf6 5. Nc3 e6 6. Bf4 d5 7. cxd5 Nxd5 8.
Nxc6 bxc6 9. Bd2 Be7 10. e4 Nb6 11. Bf4 Qxd1+ 12. Rxd1 f6 13. e5 Nd5 14. exf6
Bxf6 15. Bd2 Rb8 16. Bc4 Rxb2 17. Ne4 Nb6 18. Nd6+ Ke7 19. Nxc8+ Rxc8 20. Bb3
c5 21. Bc1 Rb1 22. O-O Kf7 23. Ba3 Rxd1 24. Rxd1 c4 25. Bc2 h6 26. Kf1 Be7 27.
Bb2 Nd5 28. a3 Rc5 29. Rb1 Ra5 30. a4 c3 31. Ba1 Rc5 32. Ke2 a5 33. Rb5 Rxb5
34. axb5 Bf6 35. Kd1 Ke7 36. Kc1 Kd6 37. Bg6 Kc5 38. Bf7 Kxb5 39. Bxe6 Nf4 40.
Bd7+ Kc4 41. Bc6 Nd3+ 42. Kc2 Nb4+ 43. Kc1 Nxc6 0-1

[Event "Europa ch 2014"]
[Site "Yerevan ARM"]
[Date "2014.03.10"]
[Round "7.102"]
[White "Birnboim, Nathan"]
[Black "Antinyan, Armen"]
[Result "1-0"]
[WhiteElo "2353"]
[BlackElo "2155"]
[PlyCount "74"]
[EventDate "2014.03.03"]
[EventType "swiss"]
[EventRounds "11"]
[EventCountry "ARM"]
[Source "lmi"]
[SourceDate "2014.03.02"]

1. Nf3 Nf6 2. g3 g6 3. Bg2 Bg7 4. O-O O-O 5. d4 d6 6. c3 Nbd7 7. Nbd2 e5 8. e4
Qe7 9. Re1 Rd8 10. b3 Ne8 11. Qc2 b5 12. a4 b4 13. d5 bxc3 14. Nc4 f5 15. exf5
gxf5 16. Nh4 Nc5 17. b4 Ne4 18. Ne3 Qf7 19. Nhxf5 N4f6 20. Nxg7 Nxg7 21. Ra3
Bb7 22. Rd1 Rf8 23. Rxc3 Rac8 24. b5 Kh8 25. Ba3 Nge8 26. Rc4 Ra8 27. a5 Rb8
28. f4 Rg8 29. Bb2 Bc8 30. fxe5 dxe5 31. Bxe5 Rxb5 32. Qc3 Rg6 33. Rf1 Kg7 34.
Rcf4 Qe7 35. Be4 Rh6 36. Bf5 Ba6 37. Be6 Rc5 1-0

[Event "Europa ch 2014"]
[Site "Yerevan ARM"]
[Date "2014.03.10"]
[Round "7.104"]
[White "Deac, Bogdan-Daniel"]
[Black "Tutisani, Noe"]
[Result "1-0"]
[WhiteElo "2322"]
[BlackElo "2137"]
[PlyCount "75"]
[EventDate "2014.03.03"]
[EventType "swiss"]
[EventRounds "11"]
[EventCountry "ARM"]
[Source "lmi"]
[SourceDate "2014.03.02"]

1. e4 c5 2. Nf3 d6 3. Bb5+ Bd7 4. Bxd7+ Qxd7 5. O-O Nc6 6. Qe2 Nf6 7. Rd1 e6 8.
d4 cxd4 9. Nxd4 Be7 10. c4 O-O 11. Nc3 Rac8 12. b3 a6 13. Bb2 Rfe8 14. Nc2 Qc7
15. Ne3 Qb8 16. Rac1 Ne5 17. f3 Bd8 18. Kh1 Bc7 19. f4 Ng6 20. Rf1 Qa7 21. Ng4
Bd8 22. Rcd1 b5 23. cxb5 Nxg4 24. Qxg4 Bf6 25. Qg3 h5 26. a4 h4 27. Qd3 Qc5 28.
Rc1 Qb6 29. h3 axb5 30. axb5 Rb8 31. Rcd1 Rec8 32. f5 Nf8 33. fxe6 fxe6 34. Nd5
exd5 35. Qxd5+ Kh8 36. Rxf6 Qxb5 37. Rh6+ Nh7 38. Qf7 1-0

[Event "Europa ch 2014"]
[Site "Yerevan ARM"]
[Date "2014.03.10"]
[Round "7.105"]
[White "Galojan, Lilit"]
[Black "Imnadze, Nato"]
[Result "1-0"]
[WhiteElo "2317"]
[BlackElo "2100"]
[PlyCount "115"]
[EventDate "2014.03.03"]
[EventType "swiss"]
[EventRounds "11"]
[EventCountry "ARM"]
[Source "lmi"]
[SourceDate "2014.03.02"]

1. d4 d5 2. c4 c6 3. Nf3 Nf6 4. e3 Bf5 5. Nc3 e6 6. Nh4 Be4 7. f3 Bg6 8. Qb3
Qc7 9. Bd2 Nbd7 10. g3 Be7 11. cxd5 Nxd5 12. Nxg6 hxg6 13. e4 Nxc3 14. bxc3 g5
15. Be2 Bd6 16. e5 Be7 17. a4 g6 18. Rb1 Rb8 19. O-O Kf8 20. f4 gxf4 21. Rxf4
Kg7 22. Bg4 Nxe5 23. dxe5 Qxe5 24. Re1 Bc5+ 25. Kg2 Qd6 26. Be3 Bxe3 27. Rxe3
b5 28. Rf2 Rhd8 29. axb5 Rxb5 30. Qa4 Qc5 31. Qf4 Qd5+ 32. Bf3 Qd7 33. Bg4 f5
34. Be2 Qd5+ 35. Bf3 Qd6 36. Rfe2 Qxf4 37. gxf4 Rc5 38. Rxe6 Rxc3 39. Rxc6 Rxc6
40. Bxc6 Rd4 41. Kg3 a5 42. Bf3 Kf6 43. Rc2 Ra4 44. Rc6+ Kg7 45. Ra6 Ra3 46. h4
Kf7 47. Kf2 Ra2+ 48. Be2 Ra4 49. Ke3 Re4+ 50. Kf3 Ra4 51. Bd3 Ra3 52. Ke3 a4
53. Kd4 Ra1 54. h5 gxh5 55. Ke5 h4 56. Kxf5 h3 57. Ra7+ Kg8 58. Kf6 1-0

[Event "Europa ch 2014"]
[Site "Yerevan ARM"]
[Date "2014.03.10"]
[Round "7.106"]
[White "Bykova, Anastasia"]
[Black "Aharon, Ofir"]
[Result "0-1"]
[WhiteElo "2132"]
[BlackElo "2316"]
[PlyCount "98"]
[EventDate "2014.03.03"]
[EventType "swiss"]
[EventRounds "11"]
[EventCountry "ARM"]
[Source "lmi"]
[SourceDate "2014.03.02"]

1. d4 Nf6 2. Nf3 g6 3. Bg5 Bg7 4. Nbd2 O-O 5. e4 d5 6. exd5 Nxd5 7. Nb3 a5 8.
a4 b6 9. Be2 h6 10. Bd2 Nd7 11. Qc1 Kh7 12. c4 Nb4 13. O-O c5 14. Bxb4 axb4 15.
Rd1 Qc7 16. Ra2 e5 17. dxc5 bxc5 18. Qd2 e4 19. Ne1 Be5 20. h3 f5 21. Qc2 Nf6
22. Nd2 Bb7 23. Nf1 f4 24. f3 Bd4+ 25. Rxd4 cxd4 26. fxe4 Bxe4 27. Bd3 Qb7 28.
b3 Rae8 29. Bxe4 Nxe4 30. Ra1 Nc5 31. Rb1 Qe4 32. Rd1 d3 33. Qb1 Rd8 34. Nf3
Rfe8 35. Qb2 Qe2 36. Rd2 Qe7 37. Qb1 Qa7 38. Kh2 Qg7 39. Rd1 Re2 40. N1d2 Rde8
41. Rf1 Qc3 42. Rc1 Rxd2 43. Rxc3 bxc3 44. Nxd2 cxd2 45. Qf1 Re2 46. a5 Ne6 47.
Qd1 f3 48. a6 Rxg2+ 49. Kh1 Re2 0-1

[Event "Europa ch 2014"]
[Site "Yerevan ARM"]
[Date "2014.03.10"]
[Round "7.107"]
[White "Sargsyan, Shushanna"]
[Black "Mikaelyan, Arman"]
[Result "0-1"]
[WhiteElo "2093"]
[BlackElo "2291"]
[PlyCount "76"]
[EventDate "2014.03.03"]
[EventType "swiss"]
[EventRounds "11"]
[EventCountry "ARM"]
[Source "lmi"]
[SourceDate "2014.03.02"]

1. d4 d5 2. c4 c6 3. Nc3 Nf6 4. Nf3 dxc4 5. e3 b5 6. a4 b4 7. Na2 e6 8. Bxc4
Nbd7 9. Qc2 Bb7 10. O-O c5 11. Ne5 cxd4 12. exd4 Bd6 13. Bf4 Qe7 14. Rfe1 Bxe5
15. dxe5 Nd5 16. Bd2 a5 17. Qe4 O-O 18. Qg4 Rfc8 19. b3 N5b6 20. Bg5 Qf8 21.
Bd3 g6 22. Red1 Bd5 23. Nc1 Rc3 24. Bb5 Rac8 25. Bxd7 Nxd7 26. h4 h5 27. Qf4
Kh7 28. g4 Rf3 29. Qd4 Rh3 30. f3 Rxf3 31. gxh5 Rcc3 32. Ne2 Rxb3 33. Rf1 Qc5
34. hxg6+ fxg6 35. Qxc5 Nxc5 36. Rac1 Rxf1+ 37. Kxf1 Rf3+ 38. Ke1 Nd3+ 0-1

[Event "Europa ch 2014"]
[Site "Yerevan ARM"]
[Date "2014.03.10"]
[Round "7.108"]
[White "Vardanian, Hakob"]
[Black "Hoghmrtsyan, Artur"]
[Result "1-0"]
[WhiteElo "2270"]
[BlackElo "1878"]
[PlyCount "65"]
[EventDate "2014.03.03"]
[EventType "swiss"]
[EventRounds "11"]
[EventCountry "ARM"]
[Source "lmi"]
[SourceDate "2014.03.02"]

1. Nf3 Nf6 2. b3 g6 3. Bb2 Bg7 4. g3 O-O 5. Bg2 d6 6. O-O e5 7. d3 Nbd7 8. c4
a5 9. Nc3 Nc5 10. Nd2 Nfd7 11. a3 Ne6 12. b4 f5 13. Nb3 axb4 14. axb4 Rxa1 15.
Qxa1 f4 16. Qa7 c6 17. b5 cxb5 18. Nxb5 Ndc5 19. Nxc5 Nxc5 20. Ba3 b6 21. Qb8
Bg4 22. Bd5+ Kh8 23. Qxd8 Rxd8 24. f3 Bh3 25. Rb1 Bf6 26. Bb2 Kg7 27. Ra1 fxg3
28. hxg3 Bd7 29. Ra7 Be7 30. f4 Kf6 31. d4 exd4 32. Nxd4 Kg7 33. Ne6+ 1-0

[Event "Europa ch 2014"]
[Site "Yerevan ARM"]
[Date "2014.03.10"]
[Round "7.109"]
[White "Nersisyan, Garnik"]
[Black "Dilanyan, Grigor"]
[Result "0-1"]
[WhiteElo "2063"]
[BlackElo "2266"]
[PlyCount "90"]
[EventDate "2014.03.03"]
[EventType "swiss"]
[EventRounds "11"]
[EventCountry "ARM"]
[Source "lmi"]
[SourceDate "2014.03.02"]

1. e4 e5 2. Nf3 Nc6 3. Bb5 a6 4. Bxc6 dxc6 5. d4 exd4 6. Qxd4 Qxd4 7. Nxd4 Bd7
8. Nc3 O-O-O 9. Be3 Bb4 10. Nde2 Ne7 11. O-O-O Rhe8 12. a3 Bd6 13. Rxd6 cxd6
14. Bb6 Kb8 15. Bxd8 Rxd8 16. Nf4 Kc7 17. Re1 f6 18. Nce2 g5 19. Nh5 Rf8 20.
Nhg3 Ng6 21. Rg1 Nh4 22. Nd4 Re8 23. f3 c5 24. Ndf5 Nxf5 25. Nxf5 Bxf5 26. exf5
Re2 27. Kd1 Rf2 28. Re1 Kd7 29. Re6 Rxg2 30. Rxf6 Rxh2 31. Rf7+ Kc6 32. Rg7 h6
33. f4 gxf4 34. f6 Rh5 35. Rh7 f3 36. Ke1 Rf5 37. Rxh6 f2+ 38. Kf1 b5 39. b4 c4
40. Rg6 Kd5 41. Rg7 Rxf6 42. Ra7 Kd4 43. Rxa6 Kc3 44. Rb6 Kxc2 45. Rxb5 Kb2 0-1

[Event "Europa ch 2014"]
[Site "Yerevan ARM"]
[Date "2014.03.10"]
[Round "7.110"]
[White "Galoyan, Levon"]
[Black "Machkalyan, Haik"]
[Result "1/2-1/2"]
[WhiteElo "2251"]
[BlackElo "1874"]
[PlyCount "103"]
[EventDate "2014.03.03"]
[EventType "swiss"]
[EventRounds "11"]
[EventCountry "ARM"]
[Source "lmi"]
[SourceDate "2014.03.02"]

1. d4 d5 2. c4 e6 3. Nc3 Nf6 4. Bg5 Be7 5. e3 O-O 6. Nf3 h6 7. Bh4 b6 8. Rc1
Bb7 9. a3 Nbd7 10. Be2 dxc4 11. Bxc4 c5 12. O-O Rc8 13. Ba2 Ne4 14. Bxe7 Qxe7
15. Nxe4 Bxe4 16. Qe2 Qf6 17. Nd2 Bb7 18. Qg4 cxd4 19. exd4 h5 20. Qxh5 Rxc1
21. Rxc1 Qxd4 22. Nc4 Nf6 23. Qd1 Qxd1+ 24. Rxd1 Bd5 25. b3 Ne4 26. Ne3 Nc3 27.
Rd2 Rd8 28. f3 Nxa2 29. Nxd5 Rxd5 30. Rxa2 Rd1+ 31. Kf2 Rb1 32. b4 Rb3 33. Ke2
a5 34. bxa5 bxa5 35. a4 Rb4 36. Ke3 e5 37. g3 f6 38. h4 Kf7 39. Kf2 Kg6 40. Kg2
Kh6 41. Kh3 g5 42. hxg5+ Kxg5 43. Kg2 e4 44. fxe4 Rxe4 45. Kh3 Rb4 46. Ra1 f5
47. Ra3 Rb1 48. Rc3 Rb4 49. Ra3 Re4 50. Ra1 Rb4 51. Ra2 f4 52. Rc2 1/2-1/2

[Event "Europa ch 2014"]
[Site "Yerevan ARM"]
[Date "2014.03.10"]
[Round "7.111"]
[White "Sibashvili, Giorgi"]
[Black "Aleksanyan, Hrant"]
[Result "1-0"]
[WhiteElo "2239"]
[BlackElo "2003"]
[PlyCount "55"]
[EventDate "2014.03.03"]
[EventType "swiss"]
[EventRounds "11"]
[EventCountry "ARM"]
[Source "lmi"]
[SourceDate "2014.03.02"]

1. Nf3 Nf6 2. c4 e6 3. g3 b6 4. Bg2 Bb7 5. d4 g6 6. Nc3 Ne4 7. d5 Nxc3 8. Qd4
f6 9. Qxc3 exd5 10. cxd5 Bxd5 11. O-O Bg7 12. Rd1 Bc6 13. Nd4 Bxg2 14. Ne6 Qc8
15. Nxc7+ Kd8 16. Bf4 Bb7 17. Qb3 Qxc7 18. Bxc7+ Kxc7 19. Qf7 Bh6 20. Qxf6 Rd8
21. b4 a6 22. a4 Nc6 23. b5 axb5 24. axb5 Rxa1 25. Rxa1 Na5 26. Rxa5 bxa5 27.
b6+ Kc8 28. Qd6 1-0